=LDR 00000nam 2200000 4500 =001 INLIS000000000023231 =005 20130612121916 =008 ***********************************Ind** =035 ##$$0010-061300000023231 =041 ##$$a Ind =082 ##$$a 635 =090 ##$$a 635, Aak-p =100 ##$$a Aak =245 ##$$a Petunjuk praktis bertanam sayuran, Aak =260 ##$$a 1991 $b Yogyakarta =300 ##$$a 122 hlm., ilus., 21 cm =650 ##$$a Sayuran-tanaman =850 ##$$a NBPNMAT